02787cam a22002058i 4500020002900000020003000029041000800059082001700067100002000084245005200104260006600156300001800222505066100240520143900901650002002340650006802360942000702428952012902435999001702564 a9781107158672 (hardback) a9781316611272 (paperback) aENG00a294.556bPAR0 aParamtattvadas,13aAn introduction to Swaminarayan Hindu theology  aCambridge, United Kingdom, bCambridge University Pressc2017 a353 pages cm. a Foreword Gavin Flood; 1. Prolegomenon; Part I. Sources and Tools of Swaminarayan Hindu Theology: 2. Introduction: the imperceptibility and ineffability of God; 3. Revelation: the exclusive source of Swaminarayan Hindu theology; 4. Reason, praxis and tradition: the tools of Swaminarayan Hindu theology; Part II. Themes of Swaminarayan Hindu Theology: 5. Introduction: the five eternal entities of Swaminarayan Hinduism; 6. Parabrahman; 7. Akṣarabrahman; 8. Jīva; 9. Īśvara; 10. Māyā; 11. Mukti; 12. Afterword: the way forward; Appendix: theological principles of BAPS Swaminarayan Sanstha: creedal statement by Pramukh Swami Maharaj; Glossary. a Since its inception over two hundred years ago, Swaminarayan Hinduism has flourished into a transnational movement described as one of the fastest growing Hindu groups in the world. Despite being one of the largest and most visible Hindu traditions both in India and the West, surprisingly little is known about what the Swaminarayan fellowship believes. An Introduction to Swaminarayan Hindu Theology provides a comprehensive doctrinal account of the Swaminarayan tradition's belief system, drawing on its rich corpus of theological literature, including the teachings of Swaminarayan himself and classical commentaries on canonical Vedāntic texts. Part I delineates the sources and tools of Swaminarayan Hindu theology, while Part II systematically expounds upon its distinctive five eternal entities - Parabrahman, Akṣarabrahman, māyā, īśvara and jīva - and mukti (spiritual liberation). In presenting these key themes theologically and lucidly, Swami Paramtattvadas makes the Swaminarayan Hindu belief system intelligible to scholars, students and serious readers "Since its inception over 200 years ago, Swaminarayan Hinduism has flourished into a transnational movement described as one of the fastest growing Hindu groups in the world. Despite being one of the largest and most visible Hindu traditions both in India and the West, surprisingly little is known about what the Swaminarayan fellowship believes"-- 0aSwami-Narayanis 7aRELIGION / Buddhism / General (see also PHILOSOPHY / Buddhist). cBK 00104070aHMIbHMIcGENd2025-06-26eKohinoor Book Distributorg3617.00l0o294.556 PARp25984r2025-06-26w2025-06-26yBK c23538d23538